[Event "ESP-ch Amateurs U2300"]
[Site "Murcia"]
[Date "2022.09.02"]
[Round "6.6"]
[White "Montalban Galvez, Antonio"]
[Black "Queirolo Perez, Manuel"]
[Result "1-0"]
[WhiteElo "2197"]
[BlackElo "2094"]
[PlyCount "91"]
[EventDate "2022.08.30"]
[EventType "swiss"]
[EventRounds "7"]
[EventCountry "ESP"]
[SourceTitle "EXT 2024"]
[Source "ChessBase"]
[SourceDate "2023.10.10"]
[SourceVersion "1"]
[SourceVersionDate "2023.10.10"]
[SourceQuality "1"]

1. d4 Nf6 2. Nf3 e6 3. c4 d5 4. g3 dxc4 5. Bg2 c6 6. Ne5 Be7 7. Nc3 0-0 8. Nxc4 b5 9. Ne5 Qb6 10. 0-0 Rd8 11. Be3 Nd5 12. a4 f6 13. a5 Qc7 14. Nd3 Nxe3 15. fxe3 a6 16. Qb3 Ra7 17. Ne4 Kh8 18. Qc3 Qd7 19. Rac1 Rc7 20. Nec5 Qe8 21. Nf4 Bd6 22. Ne4 Be7 23. b4 f5 24. Nc5 Bf6 25. Rcd1 Re7 26. Nfd3 Rd6 27. Ne5 Qh5 28. Rd3 Qh6 29. Qe1 g6 30. Ng4 Qg7 31. Nxf6 Rd8 32. Nfe4 fxe4 33. Nxe4 Rd5 34. Nc5 Rf5 35. e4 Rxf1+ 36. Qxf1 Rf7 37. Qc1 Nd7 38. Nxe6 Qf6 39. Nf4 g5 40. e5 Nxe5 41. dxe5 Qe7 42. Qc5 Qc7 43. e6 gxf4 44. exf7 Qxf7 45. Rd8+ Kg7 46. Qg5+ 1-0

[Event "Sueca op 4th"]
[Site "Sueca"]
[Date "2018.07.27"]
[Round "6"]
[White "Crecente Penalba, Jose Manuel"]
[Black "Montalban Galvez, Antonio"]
[Result "0-1"]
[WhiteElo "2134"]
[BlackElo "2175"]
[PlyCount "114"]
[EventDate "2018.07.23"]
[EventType "swiss"]
[EventRounds "8"]
[EventCountry "ESP"]
[SourceTitle "CBM 185 Extra"]
[Source "ChessBase"]
[SourceDate "2018.07.29"]
[SourceVersion "1"]
[SourceVersionDate "2018.07.29"]
[SourceQuality "1"]

1. e4 c5 2. Nf3 e6 3. d4 cxd4 4. Nxd4 Nc6 5. Nb5 d6 6. Bf4 e5 7. Be3 a6 8. N5c3 Nf6 9. Bg5 Qb6 10. b3 Be6 11. Be2 Nd4 12. 0-0 Rc8 13. Be3 Nxe2+ 14. Qxe2 Qc6 15. f3 b5 16. a3 Be7 17. Rd1 0-0 18. Rd2 Rfd8 19. Qd1 d5 20. exd5 Nxd5 21. Nxd5 Rxd5 22. Rxd5 Bxd5 23. c4 Bc5 24. Bxc5 Qxc5+ 25. Kh1 bxc4 26. bxc4 Qxc4 27. Nd2 Qd4 28. Rc1 Rxc1 29. Qxc1 g6 30. h3 Qe3 31. Qd1 Qxa3 32. Nf1 Qc5 33. Qa1 Bb7 34. Nd2 Qd4 35. Qc1 Bd5 36. Nf1 a5 37. Ne3 Be6 38. Qa3 a4 39. Kh2 h5 40. Kh1 Kg7 41. Kh2 Bb3 42. Nf1 Qf4+ 43. Kg1 Qd4+ 44. Kh2 h4 45. Qe7 Bc4 46. Nd2 Qf4+ 47. Kg1 Qxd2 48. Qxe5+ Kh7 49. Qe4 Qd1+ 50. Kh2 Qd6+ 51. Kh1 Qd5 52. Qxh4+ Kg7 53. Qe7 Qd4 54. Qb4 Qd1+ 55. Kh2 Qb3 56. Qd6 Qc3 57. Qf4 a3 0-1

[Event "Xativa Murta op 4th"]
[Site "Xativa"]
[Date "2018.07.20"]
[Round "7"]
[White "Camarena Gimenez, Rufino"]
[Black "Montalban Galvez, Antonio"]
[Result "1/2-1/2"]
[WhiteElo "2354"]
[BlackElo "2175"]
[PlyCount "212"]
[EventDate "2018.07.16"]
[EventType "swiss"]
[EventRounds "7"]
[EventCountry "ESP"]
[SourceTitle "CBM 185 Extra"]
[Source "ChessBase"]
[SourceDate "2018.07.29"]
[SourceVersion "1"]
[SourceVersionDate "2018.07.29"]
[SourceQuality "1"]

1. Nf3 Nf6 2. c4 g6 3. Nc3 Bg7 4. e4 d6 5. d4 0-0 6. Be2 Bg4 7. Be3 Nfd7 8. Rc1 e5 9. d5 a5 10. h3 Bxf3 11. Bxf3 f5 12. a3 Na6 13. Rb1 Nac5 14. b4 axb4 15. axb4 Ra3 16. Qc2 fxe4 17. Nxe4 Nxe4 18. Qxe4 Nf6 19. Qc2 e4 20. Be2 Nd7 21. 0-0 Qe7 22. Bg4 Rc3 23. Be6+ Kh8 24. Qxe4 Ra8 25. Rfc1 Rca3 26. c5 Ne5 27. cxd6 cxd6 28. Bb6 Nd3 29. Rc7 Qg5 30. h4 Qd2 31. Bd4 Be5 32. h5 Qg5 33. hxg6 hxg6 34. Rf1 Nf4 35. Bxe5+ dxe5 36. Re1 Ra1 37. g3 Nd3 38. Qh1+ Qh5 39. Qxh5+ gxh5 40. Rxa1 Rxa1+ 41. Kg2 Ne1+ 42. Kh3 Nf3 43. Kg2 e4 44. g4 h4 45. g5 Rg1+ 46. Kh3 Rxg5 47. Bg4 Rxd5 48. Rxb7 Rd2 49. Kg2 Ne5 50. Re7 Nxg4 51. Rxe4 Rxf2+ 52. Kh3 Nf6 53. Rxh4+ Kg7 54. Rc4 Rb2 55. Kg3 Nd5 56. Kf3 Nxb4 57. Ke4 Kf6 58. Kd4 Rb1 59. Kc5 Nd3+ 60. Kd4 Nf4 61. Ke4 Ne6 62. Kd5 Kf5 63. Kd6 Rd1+ 64. Ke7 Ke5 65. Rc2 Nf4 66. Ra2 Rh1 67. Kd7 Rh6 68. Ra1 Nd3 69. Ra5+ Kd4 70. Ra1 Kd5 71. Ke7 Nc5 72. Rd1+ Ke5 73. Re1+ Ne4 74. Kd7 Ra6 75. Rh1 Nf6+ 76. Kc7 Nd5+ 77. Kd7 Rd6+ 78. Kc8 Rc6+ 79. Kb7 Rc7+ 80. Ka6 Kd6 81. Kb5 Rc5+ 82. Ka4 Rc3 83. Kb5 Rc5+ 84. Ka4 Rc4+ 85. Kb3 Kc5 86. Rh8 Rb4+ 87. Kc2 Rg4 88. Kd3 Rd4+ 89. Ke2 Re4+ 90. Kf3 Rf4+ 91. Kg3 Rf7 92. Kg4 Kd4 93. Kg5 Ke5 94. Re8+ Ne7 95. Kg4 Ke4 96. Kg3 Rh7 97. Kf2 Kd4 98. Rd8+ Nd5 99. Kf3 Ra7 100. Kg4 Rf7 101. Kg3 Ke5 102. Re8+ Kf5 103. Ra8 Re7 104. Ra5 Re5 105. Kf3 Re3+ 106. Kf2 Rd3 1/2-1/2

[Event "Xativa Murta op 3rd"]
[Site "Xativa"]
[Date "2017.07.20"]
[Round "5"]
[White "Pallas i Garrido, Ernest Josep"]
[Black "Montalban Galvez, Antonio"]
[Result "0-1"]
[WhiteElo "1782"]
[BlackElo "2191"]
[PlyCount "124"]
[EventDate "2017.07.17"]
[EventType "swiss"]
[EventRounds "7"]
[EventCountry "ESP"]
[SourceTitle "EXT 2018"]
[Source "ChessBase"]
[SourceDate "2017.10.13"]
[SourceVersion "1"]
[SourceVersionDate "2017.10.13"]
[SourceQuality "1"]

1. Nf3 Nf6 2. g3 g6 3. b3 Bg7 4. Bb2 d6 5. Bg2 0-0 6. 0-0 e5 7. d3 Nc6 8. Nbd2 Ne8 9. Ne1 f5 10. f4 Nf6 11. e4 Be6 12. fxe5 dxe5 13. Nef3 Ng4 14. Qe2 f4 15. gxf4 exf4 16. Bxg7 Kxg7 17. Bh3 Nd4 18. Nxd4 Qxd4+ 19. Kh1 Qd7 20. Bxg4 Bxg4 21. Nf3 Rae8 22. Qf2 b6 23. Qd4+ Qxd4 24. Nxd4 c5 25. Nf3 h6 26. Kg2 g5 27. h4 Kg6 28. hxg5 hxg5 29. Rh1 Bc8 30. Rh2 Rh8 31. Rah1 Rxh2+ 32. Rxh2 g4 33. Nd2 Be6 34. Nf1 Re7 35. a3 Rh7 36. Rxh7 Kxh7 37. Nd2 Kg6 38. c3 Kf6 39. d4 cxd4 40. cxd4 Bf7 41. Nc4 Bg6 42. Nd2 b5 43. Kf2 a6 44. Kg2 Ke6 45. b4 Kd6 46. Kf2 Bf7 47. Kg2 Bc4 48. Kf2 Bd3 49. Kg2 Ke6 50. Kf2 Bc2 51. Kg2 Bd1 52. Kf2 Kf6 53. Kg2 Ke7 54. Kf2 Ke6 55. Kg2 Kf6 56. Kf2 g3+ 57. Kg2 Kg5 58. Kh3 Be2 59. Kg2 Kg4 60. d5 f3+ 61. Kg1 Kh3 62. d6 f2+ 0-1

[Event "Benidorm op U2300 15th"]
[Site "Benidorm"]
[Date "2016.12.02"]
[Round "1"]
[White "Blanco Gutierrez, Pedro"]
[Black "Montalban Galvez, Antonio"]
[Result "1-0"]
[WhiteElo "2090"]
[BlackElo "2245"]
[PlyCount "83"]
[EventDate "2016.12.02"]
[EventType "swiss"]
[EventRounds "10"]
[EventCountry "ESP"]
[SourceTitle "EXT 2019"]
[Source "ChessBase"]
[SourceDate "2018.10.10"]
[SourceVersion "1"]
[SourceVersionDate "2018.10.10"]
[SourceQuality "1"]

1. e4 c5 2. Nc3 a6 3. a4 Nc6 4. Nge2 Nf6 5. g3 h5 6. d3 h4 7. Bg5 Ne5 8. Nc1 hxg3 9. fxg3 e6 10. Bg2 Be7 11. Qe2 d6 12. Nb3 Bd7 13. Bf4 Qc7 14. Bxe5 dxe5 15. Nd2 0-0 16. a5 Bb5 17. 0-0 Nd7 18. b3 Rad8 19. Bh3 Qd6 20. Kg2 Nb8 21. Qh5 Nc6 22. Nf3 Bf6 23. Rf2 Rd7 24. Raf1 Re8 25. Ng5 Bxg5 26. Rxf7 Rde7 27. Qg6 Bh6 28. Nd5 exd5 29. Qxd6 Rxf7 30. Rxf7 Kxf7 31. c4 dxc4 32. dxc4 Rd8 33. Qc7+ Ke8 34. cxb5 Rd2+ 35. Kf3 axb5 36. Qxb7 Nd4+ 37. Kg4 Rf2 38. a6 Rf6 39. Kh5 Be3 40. Bd7+ Kd8 41. a7 Rh6+ 42. Kg4 1-0

[Event "Xativa Murta op 2nd"]
[Site "Xativa"]
[Date "2016.08.27"]
[Round "9"]
[White "Ballester Llagaria, Luis Eduardo"]
[Black "Montalban Galvez, Antonio"]
[Result "1/2-1/2"]
[WhiteElo "2299"]
[BlackElo "2221"]
[PlyCount "57"]
[EventDate "2016.08.22"]
[EventType "swiss"]
[EventRounds "9"]
[EventCountry "ESP"]
[SourceTitle "CBM 174 Extra"]
[Source "ChessBase"]
[SourceDate "2016.10.10"]
[SourceVersion "1"]
[SourceVersionDate "2016.10.10"]
[SourceQuality "1"]

1. e4 c6 2. d4 d5 3. e5 Bf5 4. Nf3 e6 5. Be2 Nd7 6. 0-0 h6 7. b3 Ne7 8. c4 Bh7 9. Nc3 Nf5 10. a3 Be7 11. g4 Nh4 12. Nxh4 Bxh4 13. f4 f5 14. exf6 Nxf6 15. g5 Ne4 16. Bh5+ Kd7 17. Nxe4 Bxe4 18. Bf3 Bf5 19. Bg4 g6 20. cxd5 cxd5 21. Bxf5 gxf5 22. Qe2 Qb6 23. Qe5 Rhg8 24. Bd2 hxg5 25. Rac1 Qd6 26. Qe2 Qa6 27. Qe5 Qd6 28. Qe2 Qa6 29. Qe5 1/2-1/2

[Event "Sueca op 2nd"]
[Site "Sueca"]
[Date "2016.07.29"]
[Round "6.5"]
[White "Montalban Galvez, Antonio"]
[Black "Sanchez Jerez, Emilio Miguel"]
[Result "1-0"]
[WhiteElo "2218"]
[BlackElo "2201"]
[PlyCount "91"]
[EventDate "2016.07.25"]
[EventType "swiss"]
[EventRounds "8"]
[EventCountry "ESP"]
[SourceTitle "EXT 2024"]
[Source "ChessBase"]
[SourceDate "2023.10.10"]
[SourceVersion "1"]
[SourceVersionDate "2023.10.10"]
[SourceQuality "1"]

1. d4 f5 2. c4 Nf6 3. Nc3 d6 4. Bg5 Nbd7 5. Qc2 e5 6. dxe5 Nxe5 7. 0-0-0 c6 8. e4 Nf7 9. h4 Nxg5 10. hxg5 Nxe4 11. Nxe4 fxe4 12. Qxe4+ Qe7 13. Qf4 Qf7 14. Re1+ Be7 15. Qe3 Bf5 16. Nf3 Kd7 17. Qd2 Kc8 18. Nd4 Bg6 19. g3 Re8 20. Bh3+ Kb8 21. Be6 Qf8 22. f4 h6 23. gxh6 gxh6 24. Re3 Bf6 25. Nxc6+ Kc7 26. Nd4 Rad8 27. Rhe1 Kb8 28. Bd5 Rxe3 29. Rxe3 Rc8 30. Rb3 b6 31. Nc6+ Kc7 32. Nxa7 Re8 33. Nb5+ Kd7 34. Ra3 Bd8 35. Ra7+ Kc8 36. Ra8+ Kd7 37. Ra7+ Kc8 38. Rb7 Bg5 39. Na7+ Kd8 40. Rb8+ Kc7 41. Rb7+ Kd8 42. Rb8+ Kc7 43. Rxe8 Qxe8 44. Nb5+ Kd7 45. Bc6+ Kxc6 46. Qxd6+ 1-0

[Event "Masdenverge op 5th"]
[Site "Masdenverge"]
[Date "2016.06.24"]
[Round "1"]
[White "Girona Masdeu, Jordi"]
[Black "Montalban Galvez, Antonio"]
[Result "1/2-1/2"]
[WhiteElo "1689"]
[BlackElo "2193"]
[PlyCount "98"]
[EventDate "2016.06.24"]
[EventType "swiss"]
[EventRounds "7"]
[EventCountry "ESP"]
[SourceTitle "EXT 2017"]
[Source "ChessBase"]
[SourceDate "2016.10.25"]
[SourceVersion "1"]
[SourceVersionDate "2016.10.25"]
[SourceQuality "1"]

1. e4 c5 2. Nf3 e6 3. g3 a6 4. Bg2 b5 5. 0-0 Bb7 6. d3 d6 7. Nc3 Nd7 8. Bf4 Qc7 9. Re1 b4 10. Ne2 Ne7 11. Qd2 Ng6 12. Rad1 Be7 13. Bg5 Bxg5 14. Nxg5 h6 15. Nf3 0-0 16. Nf4 Nxf4 17. Qxf4 Ne5 18. Nd2 a5 19. Qh4 Qd8 20. Qxd8 Raxd8 21. f4 Nc6 22. c3 Ba6 23. Nc4 Rd7 24. e5 d5 25. Nb6 Rc7 26. Na4 Ne7 27. cxb4 axb4 28. Rc1 Bxd3 29. Nxc5 Bb5 30. Nb3 Rfc8 31. Rxc7 Rxc7 32. Rc1 Rc4 33. Bf1 Rxc1 34. Nxc1 Bc4 35. a3 bxa3 36. bxa3 Kf8 37. Bd3 Ke8 38. Kf2 Bxd3 39. Nxd3 Kd7 40. Ke2 Kc6 41. a4 Kb6 42. Ke3 Nf5+ 43. Kd2 Ka5 44. Nc5 Kb4 45. Nb7 Kxa4 46. Nd8 Nd4 47. Ke3 Nc2+ 48. Kd2 Nd4 49. Ke3 Nc2+ 1/2-1/2

[Event "Alzira Christmas 5th"]
[Site "Alzira"]
[Date "2015.12.30"]
[Round "6.5"]
[White "Montalban Galvez, Antonio"]
[Black "Gonzalvez Tamarit, Ruben"]
[Result "1-0"]
[WhiteElo "2199"]
[BlackElo "1958"]
[PlyCount "119"]
[EventDate "2015.12.28"]
[EventType "swiss"]
[EventRounds "7"]
[EventCountry "ESP"]
[SourceTitle "EXT 2024"]
[Source "ChessBase"]
[SourceDate "2023.10.10"]
[SourceVersion "1"]
[SourceVersionDate "2023.10.10"]
[SourceQuality "1"]

1. d4 Nf6 2. Nf3 e6 3. c4 d5 4. g3 Bb4+ 5. Bd2 Qe7 6. Bg2 0-0 7. 0-0 b6 8. Bg5 c6 9. a3 Bd6 10. Nbd2 h6 11. Bxf6 Qxf6 12. e4 dxe4 13. Nxe4 Qe7 14. Qc2 Nd7 15. Rfe1 Bb7 16. Rad1 Rfe8 17. b4 Rac8 18. c5 Bb8 19. Nfd2 Nf6 20. Nxf6+ Qxf6 21. Nc4 b5 22. Ne5 Red8 23. f4 Bxe5 24. dxe5 Qe7 25. Rd6 Rxd6 26. cxd6 Qd7 27. Qc5 Ba8 28. Rc1 Kf8 29. Rc3 Ke8 30. Qe3 Qb7 31. Rc5 Kd7 32. Qc3 Qa6 33. Be4 g6 34. Kf2 h5 35. Kg2 Qa4 36. Bc2 Qa6 37. Kh3 Qb6 38. Bd3 a6 39. Qc2 Rg8 40. Be4 Bb7 41. Kg2 Ba8 42. Kf1 Bb7 43. Ke2 Ba8 44. Kd1 Bb7 45. Kc1 Ba8 46. Kb2 Bb7 47. a4 bxa4 48. Qxa4 Rb8 49. Kc3 Ra8 50. Qa5 Qxa5 51. Rxa5 Rb8 52. Kc4 Bc8 53. Kc5 Rb5+ 54. Rxb5 cxb5 55. Kb6 f5 56. Bc6+ Kd8 57. h4 Bd7 58. Bxd7 Kxd7 59. Kxa6 Kc6 60. Ka5 1-0

[Event "Alzira Christmas 5th"]
[Site "Alzira"]
[Date "2015.12.28"]
[Round "1.1"]
[White "Montalban Galvez, Antonio"]
[Black "Marco Catala, Juan Bautista"]
[Result "1-0"]
[WhiteElo "2199"]
[BlackElo "1689"]
[PlyCount "77"]
[EventDate "2015.12.28"]
[EventType "swiss"]
[EventRounds "7"]
[EventCountry "ESP"]
[SourceTitle "EXT 2024"]
[Source "ChessBase"]
[SourceDate "2023.10.10"]
[SourceVersion "1"]
[SourceVersionDate "2023.10.10"]
[SourceQuality "1"]

1. d4 Nf6 2. Nf3 g6 3. g3 Bg7 4. Bg2 0-0 5. 0-0 d5 6. c4 dxc4 7. Na3 c6 8. Nxc4 Nbd7 9. h3 Nb6 10. Nce5 Be6 11. Ng5 Bc8 12. Ngf3 Be6 13. Nd3 Nh5 14. Nc5 Bc8 15. a4 Qc7 16. a5 Nd7 17. Nd3 Re8 18. g4 Nhf6 19. Bf4 Qd8 20. Qb3 Nd5 21. Bd2 Nc7 22. Rfd1 Nb5 23. e3 Nf6 24. Nc5 Nd7 25. Ng5 Rf8 26. Nge4 e6 27. Bb4 Re8 28. g5 Qc7 29. f4 Rb8 30. Nd3 b6 31. axb6 axb6 32. Qc4 Bb7 33. Rac1 Rbc8 34. Ne5 Na7 35. Nd6 b5 36. Qe2 Nxe5 37. fxe5 Bf8 38. Ra1 Ba8 39. Bc5 1-0

[Event "Xativa Murta op 1st"]
[Site "Xativa"]
[Date "2015.08.28"]
[Round "8"]
[White "Montalban Galvez, Antonio"]
[Black "Sanchez Jerez, Emilio Miguel"]
[Result "1-0"]
[WhiteElo "2186"]
[BlackElo "2187"]
[PlyCount "67"]
[EventDate "2015.08.25"]
[EventType "swiss"]
[EventRounds "9"]
[EventCountry "ESP"]
[SourceTitle "EXT 2016"]
[Source "ChessBase"]
[SourceDate "2015.10.08"]
[SourceVersion "1"]
[SourceVersionDate "2015.10.08"]
[SourceQuality "1"]

1. Nf3 g6 2. d4 f5 3. c4 Nf6 4. g3 Bg7 5. Bg2 0-0 6. 0-0 d6 7. Nc3 Nc6 8. d5 Na5 9. Nd2 c5 10. a3 Ng4 11. Qc2 Ne5 12. b3 a6 13. Bb2 Rb8 14. Nd1 b5 15. f4 Nf7 16. Bxg7 Kxg7 17. e4 e5 18. dxe6 Bxe6 19. Qc3+ Qf6 20. e5 dxe5 21. Qxa5 exf4 22. Qc3 fxg3 23. Qxf6+ Kxf6 24. Ne4+ Ke7 25. Nxc5 gxh2+ 26. Kxh2 bxc4 27. Re1 Ng5 28. Nxe6 Nxe6 29. Bd5 Rb6 30. Bxc4 Kf6 31. Nc3 Rd6 32. Rad1 Nd4 33. Nd5+ Rxd5 34. Bxd5 1-0

[Event "Xativa Murta op 1st"]
[Site "Xativa"]
[Date "2015.08.27"]
[Round "6"]
[White "Granero Roca, Antonio"]
[Black "Montalban Galvez, Antonio"]
[Result "1/2-1/2"]
[WhiteElo "2397"]
[BlackElo "2186"]
[PlyCount "69"]
[EventDate "2015.08.25"]
[EventType "swiss"]
[EventRounds "9"]
[EventCountry "ESP"]
[SourceTitle "EXT 2016"]
[Source "ChessBase"]
[SourceDate "2015.10.08"]
[SourceVersion "1"]
[SourceVersionDate "2015.10.08"]
[SourceQuality "1"]

1. d4 Nf6 2. c4 g6 3. Nc3 Bg7 4. e4 d6 5. h3 0-0 6. Nf3 e5 7. d5 a5 8. Bg5 h6 9. Be3 Na6 10. g4 Nc5 11. Nd2 Bd7 12. Qc2 b6 13. Be2 Qc8 14. f3 Qb7 15. Kf2 c6 16. a4 Ne8 17. Kg2 Nc7 18. Rhc1 N7a6 19. dxc6 Bxc6 20. Nd5 Nb4 21. Nxb4 axb4 22. b3 f5 23. Bd3 fxe4 24. Bxe4 Nxe4 25. fxe4 Rf4 26. Bxf4 exf4 27. Re1 Bxa1 28. Rxa1 Qg7 29. Re1 Re8 30. Nf3 g5 31. Qd3 Qg6 32. Nd2 Qf6 33. Nf3 Qg6 34. Nd2 Qf6 35. Nf3 1/2-1/2

[Event "Alzira op 2nd"]
[Site "Alzira"]
[Date "2015.08.23"]
[Round "7"]
[White "Jardi Talarn, Joan Salvador"]
[Black "Montalban Galvez, Antonio"]
[Result "0-1"]
[WhiteElo "1927"]
[BlackElo "2186"]
[PlyCount "54"]
[EventDate "2015.08.21"]
[EventType "swiss"]
[EventRounds "7"]
[EventCountry "ESP"]
[SourceTitle "EXT 2016"]
[Source "ChessBase"]
[SourceDate "2015.10.08"]
[SourceVersion "1"]
[SourceVersionDate "2015.10.08"]
[SourceQuality "1"]

1. d4 Nf6 2. c4 g6 3. Nc3 d5 4. Bg5 Bg7 5. Bxf6 Bxf6 6. Nxd5 Bg7 7. Nf3 c5 8. e3 Nc6 9. Qd2 e6 10. Nc3 cxd4 11. exd4 Nxd4 12. Nxd4 Qxd4 13. Qxd4 Bxd4 14. Rc1 Ke7 15. Be2 Bd7 16. Bf3 Rac8 17. b3 b5 18. Ne2 Bb6 19. 0-0 bxc4 20. bxc4 Rhd8 21. Rfd1 Ba4 22. Rxd8 Kxd8 23. Kf1 Ke7 24. Nf4 Bd4 25. Be2 Kd6 26. Nd3 Rc7 27. Ke1 e5 0-1

[Event "Alzira op 2nd"]
[Site "Alzira"]
[Date "2015.08.21"]
[Round "1"]
[White "Parreno Cueto, Andres"]
[Black "Montalban Galvez, Antonio"]
[Result "0-1"]
[WhiteElo "1702"]
[BlackElo "2186"]
[PlyCount "52"]
[EventDate "2015.08.21"]
[EventType "swiss"]
[EventRounds "7"]
[EventCountry "ESP"]
[SourceTitle "EXT 2016"]
[Source "ChessBase"]
[SourceDate "2015.10.08"]
[SourceVersion "1"]
[SourceVersionDate "2015.10.08"]
[SourceQuality "1"]

1. d4 Nf6 2. Nf3 c5 3. d5 e6 4. c4 exd5 5. cxd5 d6 6. Nc3 g6 7. e4 Bg7 8. Bd3 Bg4 9. h3 Bxf3 10. Qxf3 0-0 11. 0-0 Nbd7 12. Bf4 Ne8 13. Qe2 a6 14. a4 Ne5 15. Rfe1 Rb8 16. Bxe5 Bxe5 17. Qc2 Nc7 18. a5 b5 19. axb6 Rxb6 20. Reb1 Qf6 21. Ra3 Rfb8 22. Na4 Rb4 23. g3 h5 24. h4 Bxb2 25. Nxb2 Rxb2 26. Rxb2 Rxb2 0-1